شمع / (Record no. 106148)

MARC details
000 -LEADER
fixed length control field 00740nam a22002537a 4500
005 - DATE AND TIME OF LATEST TRANSACTION
control field 20170123162303.0
010 ## - LIBRARY OF CONGRESS CONTROL NUMBER
LC control number A-998623
020 ## - INTERNATIONAL STANDARD BOOK NUMBER
Terms of availability 250.00
International Standard Book Number 818517220
035 ## - SYSTEM CONTROL NUMBER
System control number A-998623
037 ## - SOURCE OF ACQUISITION
Source of stock number/acquisition Cen Lib/Ret
040 ## - CATALOGING SOURCE
Original cataloging agency DPL
Language of cataloging UR
082 ## - DEWEY DECIMAL CLASSIFICATION NUMBER
Classification number ن
Item number ا ے ا
100 ## - MAIN ENTRY--PERSONAL NAME
Personal name ا ے آر خاتون
9 (RLIN) 108198
245 ## - TITLE STATEMENT
Title شمع /
Statement of responsibility, etc ا ے آر خاتون
246 ## - VARYING FORM OF TITLE
Title proper/short title Shama /
Remainder of title by A.R. Khatoon
260 ## - PUBLICATION, DISTRIBUTION, ETC. (IMPRINT)
Place of publication, distribution, etc دہلی
Name of publisher, distributor, etc عاقف بک ڈپو
Date of publication, distribution, etc 1996
270 ## - ADDRESS
City دہلی
Address ٤٣٧، متیا محل
Postal code 110002
300 ## - PHYSICAL DESCRIPTION
Extent 567p.
Dimensions 19cm(Hb)
650 ## - SUBJECT ADDED ENTRY--TOPICAL TERM
Topical term or geographic name as entry element اردو ادب
9 (RLIN) 108199
650 ## - SUBJECT ADDED ENTRY--TOPICAL TERM
Topical term or geographic name as entry element اردو ناول
9 (RLIN) 547
650 ## - SUBJECT ADDED ENTRY--TOPICAL TERM
Topical term or geographic name as entry element Urdu litarature
9 (RLIN) 108200
650 ## - SUBJECT ADDED ENTRY--TOPICAL TERM
Topical term or geographic name as entry element Urdu novel
9 (RLIN) 108201
942 ## - ADDED ENTRY ELEMENTS (KOHA)
Source of classification or shelving scheme Dewey Decimal Classification
Koha item type Urdu Bks
Classification part ن
Call number suffix ا ے ا
Holdings
Withdrawn status Lost status Damaged status Not for loan Home library Current library Date acquired Source of acquisition Cost, normal purchase price Total Checkouts Full call number Barcode Date last seen Date checked out Copy number Cost, replacement price Price effective from Koha item type
        Central Library Central Library 15/12/2015 Cen Lib/Ret 250.00 4 ن ا ے ا A-998623 31/05/2023 03/05/2023 1 250.00 15/12/2015 Urdu Bks

© Delhi Public Library
Hit Counter
free hit counter